Fungus diseases of tropical crops. (Record no. 36711)

MARC details
000 -LEADER
fixed length control field 00338nam a2200121Ia 4500
082 ## - DEWEY DECIMAL CLASSIFICATION NUMBER
Classification number 632.4:633(213)
Item number HOL
100 ## - MAIN ENTRY--AUTHOR NAME
Personal name HOLLIDAY, Paul
245 #0 - TITLE STATEMENT
Title Fungus diseases of tropical crops.
260 ## - PUBLICATION, DISTRIBUTION, ETC. (IMPRINT)
Place of publication Cambridge
Name of publisher Cambridge University
Year of publication 1980
650 ## - SUBJECT ADDED ENTRY--TOPICAL TERM
Topical Term Tropical crops disease
942 ## - ADDED ENTRY ELEMENTS (KOHA)
Koha item type Books
Holdings
Withdrawn status Lost status Damaged status Not for loan Home library Current library Date acquired Full call number Accession Number Koha item type
        RRII Library RRII Library 16/12/2021 632.4:633(213) HOL 17112 Books